=LDR 00000nam 2200000 4500 =001 INLIS000000000045896 =005 20150211140911.0 =006 =007 =008 =035 ##$$0010-021500000000456 =082 ##$$a 745.5 =090 ##$$a 745.5 $b ria s =100 ##$$a riansyah $t serba-serbi ketrampilan =245 ##$$a serba-serbi ketrampilan =260 ##$$a jakarta $b cv. amalia $c 2007 =300 ##$$a 92 hlm $b illus $c 23 cm =850 ##$$a NPBMAT =990 ##$$a 0001/BPAP-NTB/20142015